[Event "Chinese League Div-A Final-KO 2023"]
[Site "Xiongan"]
[Date "2023.12.05"]
[Round "4.6"]
[White "Wang, Shixu B"]
[Black "Wang, Hao"]
[Result "0-1"]
[WhiteElo "2409"]
[BlackElo "2694"]
[Annotator "TA"]
[PlyCount "64"]
[EventDate "2023.12.02"]
[EventCountry "CHN"]
[SourceTitle "playchess.com"]
[Source "ChessBase"]
[SourceQuality "1"]

{[%evp 9,64,21,24,22,33,29,26,26,29,26,29,19,25,18,28,25,60,66,65,60,35,-12,0,0,0,-51,-52,-56,-36,-58,-38,-62,21,-100,-48,-90,0,0,0,-79,-77,-246,-251,-271,-257,-260,-198,-269,-247,-1444,-1425,-29980,-12837,-2608,-735,-706,-698]} 1. d4 {[%emt 0:00:02] Kapnisis,Spyridon} d5 {[%emt 0:00:06]} 2. c4 {[%emt 0:00:05]} e6 {[%emt 0:00:05]} 3. Nc3 {[%emt 0:00:14]} a6 {[%emt 0:00:17]} 4. cxd5 {[%emt 0:00:48]} exd5 {[%emt 0:00:05]} 5. Nf3 {[%emt 0:00:06]} Nf6 {[%emt 0:01:30]} 6. Bg5 {[%emt 0:01:49] D37: Queen's Gambit Declined: 5 Bf4.} Be6 {[%emt 0:00:54]} 7. e3 {[%emt 0:00:07]} Nbd7 {[%emt 0:00:04]} 8. Bd3 {[%emt 0:00:05] White has an edge.} Bd6 {[%emt 0:01:20]} 9. O-O {[%emt 0:01:09]} c6 {[%emt 0:03:14]} 10. h3 {[%emt 0:03:43]} Qc7 {[%emt 0:02:43]} 11. Qd2 {[%emt 0:01:21]} h6 {[%emt 0:02:23]} 12. Bf4 {[%emt 0:00:08]} g5 {[%emt 0:06:51]} 13. Bxd6 {[%emt 0:00:13]} Qxd6 {[%emt 0:00:06] [#]} 14. b4 $146 {[%emt 0:08:01]} ({Predecessor:} 14. Nh2 Rg8 15. Ne2 Ne4 16. Qe1 O-O-O 17. f3 Nef6 18. Rc1 Kb8 19. f4 g4 20. f5 gxh3 {1-0 Korobov,A (2658)-Kourkoulos Arditis,S (2520) EU-ch 23rd Vrnjacka Banja 2023 (7)}) 14... Rg8 {[%emt 0:03:28]} (14... O-O 15. Rfc1) 15. Na4 {[%emt 0:02:45]} (15. a4 $14 {is more appropriate.}) 15... g4 {[%emt 0:18:24]} 16. hxg4 {[%emt 0:00:09]} Bxg4 {[%emt 0:01:44]} 17. Nh4 {[%emt 0:03:42]} (17. Ne1 $1 $11) 17... Ne4 $15 {[%emt 0:04:44]} (17... Bh3 {keeps more tension.} 18. Nc5 O-O-O 19. Qe2 Rxg2+ 20. Nxg2 Rg8) 18. Qe1 {[%emt 0:08:19] f3 would be deadly.} Be6 {[%emt 0:02:37]} 19. Bxe4 {[%emt 0:13:00]} dxe4 {[%emt 0:00:27]} 20. Nc5 {[%emt 0:06:38]} Bd5 {[%emt 0:15:50]} (20... O-O-O $15) 21. g3 {[%emt 0:03:22]} (21. Nxb7 $11 {was the only way to keep the balance.} Qe7 22. f4 (22. Nf5 Qg5 $17)) 21... Qf6 $36 {[%emt 0:07:05][%mdl 2048] Black has good play.} 22. Ng2 {[%emt 0:09:10] [#]} b6 {[%emt 0:08:22]} (22... h5 $1 $17) 23. Nxd7 $11 {[%emt 0:00:53]} Kxd7 {[%emt 0:00:05]} 24. Qe2 {[%emt 0:01:25] [#] Wards off h5. White is weak on the light squares} (24. Kh2 $1 $11) 24... h5 $1 $17 {[%emt 0:01:37] Threatens to win with ...h4. Black is much more active. The white rooks are badly placed.} 25. a4 $2 {[%emt 0:22:17] White does not recover from this.} (25. Qxh5 $2 Rg5 26. Qh4 Rh8 $19) (25. Nf4 $17) 25... h4 $19 {[%emt 0:02:45]} 26. Rac1 {[%emt 0:00:13]} hxg3 {[%emt 0:07:15]} 27. fxg3 {[%emt 0:00:05]} Qg5 {[%emt 0:00:05]} 28. Rf4 {[%emt 0:06:46]} (28. g4 $142) 28... Qxg3 {[%emt 0:00:17]} 29. Rcf1 $2 {[%emt 0:00:19]} (29. Qf2 Rg7 30. Qxg3 Rxg3 31. Kh2) 29... Rg7 {[%emt 0:01:00] ( -> ...Rh8)} 30. R1f2 {[%emt 0:00:47]} Qh3 {[%emt 0:02:15]} (30... Rh8 $142 31. Qxa6 Qh2+ 32. Kf1 Qh1+ {[%mdl 64] Deflection} 33. Ke2 Qc1 34. Qb7+ Kd6 35. Rf6+ Be6 36. Rh6 Rxh6 37. Qb8+ Kd5 38. Qe5+ Kc4 39. Qxe4 Bg4+ 40. Rf3 Qb2+ {[%mdl 64] Deflection} 41. Kd1 Bxf3+ 42. Qxf3 Rh1+ 43. Ne1 Qb1+ 44. Kd2 Qxe1+ 45. Kc2 Qc3#) 31. Qf1 {[%emt 0:04:39]} Rag8 {[%emt 0:02:37]} (31... Ke7 $142 32. Qb1 Rh8 33. Rxf7+ Bxf7 34. Qxe4+ Kd8) 32. Rxf7+ {[%emt 0:00:18]} Bxf7 {[%emt 0:00:04] Weighted Error Value: White=0.61/Black=0.51} (32... Rxf7 $2 {too greedy.} 33. Rxf7+ Ke8 34. Rb7 Qxe3+ 35. Qf2 Qc1+ 36. Qf1 Qe3+ 37. Qf2 Qc1+ 38. Qf1 Qxf1+ 39. Kxf1 $19) 0-1

[Event "Chinese League Div-A Final-KO 2023"]
[Site "Xiongan"]
[Date "2023.12.05"]
[Round "4.7"]
[White "Zhou, Weiqi"]
[Black "Wang, Yue"]
[Result "1/2-1/2"]
[WhiteElo "2593"]
[BlackElo "2659"]
[Annotator "TA"]
[PlyCount "128"]
[EventDate "2023.12.02"]
[EventCountry "CHN"]
[SourceTitle "playchess.com"]
[Source "ChessBase"]
[SourceQuality "1"]

{[%evp 12,128,21,10,31,20,23,11,22,25,20,36,29,14,8,5,9,15,7,11,11,12,3,8,4,18,49,37,28,17,21,17,14,0,0,0,0,0,0,-43,-43,-43,-43,-43,-43,-52,-31,-78,-81,-88,-74,-88,-91,-99,-41,-54,-33,-43,-32,-33,-39,-44,-44,-39,-32,-39,-25,-25,0,-25,-25,-35,-25,-25,-8,-25,-25,-39,-29,-20,-21,-29,-26,-25,-25,-25,-20,-20,-27,-23,-31,-23,0,0,0,0,0,0,0,0,0,0,0,0,0,0,0,0,0,0,0,0,0,0,0,0,0,0,0]} 1. Nf3 {[%emt 0:00:02]} Nf6 {[%emt 0:00:48]} 2. c4 {[%emt 0:00:06]} e6 {[%emt 0:00:15]} 3. d4 {[%emt 0:01:04]} d5 {[%emt 0:00:08]} 4. Nc3 {[%emt 0:00:07]} Be7 {[%emt 0:00:12]} 5. Bf4 {[%emt 0:00:25]} O-O {[%emt 0:00:17]} 6. e3 {[%emt 0:00:03]} b6 {[%emt 0:00:26]} 7. Bd3 {[%emt 0:00:26]} dxc4 {[%emt 0:04:20] D37: Queen's Gambit Declined: 5 Bf4.} 8. Bxc4 {[%emt 0:01:29]} Ba6 {[%emt 0:00:08]} 9. Qe2 {[%emt 0:08:37]} Qc8 {[%emt 0:06:34]} 10. Rc1 {[%emt 0:06:15]} Bxc4 {[%emt 0:09:44]} 11. Qxc4 {[%emt 0:00:45]} c5 {[%emt 0:00:02]} 12. O-O {[%emt 0:03:58]} Nbd7 {[%emt 0:16:10][%cal Bb8d7,Bd7c5,Bc5d3][%mdl 32] [#]} 13. e4 $146 {[%emt 0:07:02][%cal Be3e4,Be4e5][%mdl 32]} ({Predecessor:} 13. Rfd1 cxd4 14. Qxd4 Qa6 15. Bd6 Bxd6 16. Qxd6 Rac8 17. Nd4 Qb7 18. Ncb5 Nc5 19. Nb3 Nxb3 {½-½ Petrosyan,M (2607)-Harutyunian,T (2551) Jermuk Avagyan Memorial 2020 (2)}) 13... cxd4 {[%emt 0:19:08]} 14. Qxd4 {[%emt 0:00:23]} Nc5 $1 {[%emt 0:00:28]} 15. e5 {[%emt 0:04:03]} Rd8 {[%emt 0:01:40]} 16. Qe3 {[%emt 0:08:14]} Ng4 {[%emt 0:03:52]} 17. Qe2 {[%emt 0:00:21] Threatening Rfd1.} Nd3 $132 {[%emt 0:00:21][%mdl 2048] [#] Black is not holding back} 18. Nd5 {[%emt 0:01:48][%mdl 64] Discovered Attack} Qd7 {[%emt 0:01:06]} (18... Rxd5 19. Rxc8+) 19. Qxd3 {[%emt 0:05:10] Nxe7+ is the strong threat.} Qxd5 {[%emt 0:00:02]} 20. Qxd5 {[%emt 0:00:06]} Rxd5 {[%emt 0:00:05]} 21. h3 {[%emt 0:00:14]} g5 {[%emt 0:08:19]} 22. hxg4 {[%emt 0:04:41]} (22. Nxg5 Nxe5 23. Bxe5 Rxe5 $15) 22... gxf4 {[%emt 0:00:37]} 23. Rc7 {[%emt 0:06:14]} Bc5 {[%emt 0:05:58]} 24. Re1 {[%emt 0:09:39]} a5 {[%emt 0:03:10]} 25. Re4 {[%emt 0:15:39]} Rd1+ {[%emt 0:00:46]} 26. Kh2 $1 {[%emt 0:00:02]} Bxf2 {[%emt 0:00:07] ( -> ...Bg3+)} 27. Rxf4 {[%emt 0:00:02]} Rf8 {[%emt 0:00:07]} 28. a3 {[%emt 0:01:49]} Rd3 {[%emt 0:04:29]} 29. Rc2 {[%emt 0:03:51]} (29. Rfc4 $15 {should be considered.}) 29... Be3 $17 {[%emt 0:00:45]} 30. Rfc4 {[%emt 0:00:08]} Rfd8 {[%emt 0:00:18]} 31. Kg3 {[%emt 0:00:22]} Kg7 {[%emt 0:01:40]} 32. Rc7 {[%emt 0:02:25] [#]} h6 {[%emt 0:03:28]} (32... R8d5 $1 $17) 33. Rb7 {[%emt 0:02:11]} R3d7 {[%emt 0:03:42]} 34. Rxd7 {[%emt 0:02:25]} Rxd7 $15 {[%emt 0:00:01][%mdl 4096] Endgame KRB-KRN} 35. Rc3 {[%emt 0:00:10] Wards off Rd3} Bc5 {[%emt 0:00:33]} 36. Kf4 {[%emt 0:00:27]} Rd1 {[%emt 0:00:16]} 37. Ke4 {[%emt 0:00:17]} Kg6 {[%emt 0:00:37]} 38. Rc2 {[%emt 0:00:30]} Rd5 {[%emt 0:03:58]} 39. Rc1 {[%emt 0:01:07]} Be7 {[%emt 0:01:44]} 40. a4 {[%emt 0:00:13]} (40. Rc7 $5 {[%cal Rc7e7]} Bf8 41. Nh4+ Kg7 42. Nf5+ Kg8 43. Nd4 $11 (43. Rc8 Rb5 $11)) 40... Bc5 {[%emt 0:01:28]} 41. Rf1 {[%emt 0:01:26]} Rd7 {[%emt 0:00:46]} 42. Rc1 {[%emt 0:02:01]} Be7 {[%emt 0:01:06]} 43. b3 {[%emt 0:06:01]} Bb4 {[%emt 0:01:19]} 44. Ke3 {[%emt 0:00:27]} Ba3 {[%emt 0:00:53]} 45. Rc6 {[%emt 0:03:23]} Rd5 {[%emt 0:14:55]} 46. Ke2 {[%emt 0:01:47]} b5 {[%emt 0:00:04]} 47. Rb6 {[%emt 0:07:30]} bxa4 {[%emt 0:01:28]} 48. bxa4 {[%emt 0:00:01]} Bb4 {[%emt 0:03:06] ...Rc5 would be deadly.} 49. Rc6 {[%emt 0:00:01]} Be7 {[%emt 0:02:38]} 50. Rc7 {[%emt 0:00:40]} Bc5 {[%emt 0:00:58]} 51. Rb7 {[%emt 0:01:08]} Bd4 {[%emt 0:06:20]} 52. Rb5 {The position is equal.} Rxb5 {[%emt 0:00:05]} 53. axb5 $11 {[%emt 0:00:02] KB-KN} Bc5 {[%emt 0:00:24]} 54. Kd3 {[%emt 0:00:10]} a4 {[%emt 0:00:06]} 55. Kc4 {[%emt 0:02:46]} a3 {[%emt 0:00:04] Hoping for ...a2.} 56. Kb3 {[%emt 0:00:02]} (56. Kxc5 $2 {is the wrong capture.} a2 57. b6 (57. Nh4+ $2 Kg7 $19) 57... a1=Q $19) 56... f6 {[%emt 0:00:35]} 57. Nh4+ {[%emt 0:06:20]} Kf7 {[%emt 0:01:01]} 58. Nf3 {[%emt 0:00:03]} Kg6 {[%emt 0:03:45]} 59. Nh4+ Kf7 {[%emt 0:01:19]} 60. Nf3 {[%emt 0:00:01]} Ke7 {[%emt 0:00:09]} 61. Ka2 {[%emt 0:00:38]} fxe5 {[%emt 0:01:19][%mdl 64] Remove Defender} 62. Nxe5 {[%emt 0:00:32]} Kd6 {[%emt 0:00:39]} 63. Nf7+ {[%emt 0:00:05]} Kd5 {[%emt 0:00:25]} 64. Nxh6 {[%emt 0:02:13] Threatens to win with g5.} e5 {[%emt 0:00:02] Weighted Error Value: White=0.05 (flawless) /Black=0.06 (flawless)} 1/2-1/2

[Event "Chinese League Div-A Final-KO 2023"]
[Site "Xiongan"]
[Date "2023.12.05"]
[Round "4.8"]
[White "Dai, Changren"]
[Black "Ye, Jiangchuan"]
[Result "1/2-1/2"]
[WhiteElo "2491"]
[BlackElo "2603"]
[Annotator "TA"]
[PlyCount "62"]
[EventDate "2023.12.02"]
[EventCountry "CHN"]
[SourceTitle "playchess.com"]
[Source "ChessBase"]
[SourceQuality "1"]

{[%evp 19,62,27,19,0,2,0,0,0,12,17,0,0,0,-6,0,-14,-25,-39,-46,-54,-39,-52,-10,-71,-75,-71,-72,-49,-32,-47,-48,-52,-4,-8,0,0,0,0,0,0,0,0,0,0,0]} 1. d4 {[%emt 0:00:04]} Nf6 {[%emt 0:00:16]} 2. c4 {[%emt 0:00:07]} e6 {[%emt 0:00:14]} 3. Nf3 {[%emt 0:00:11]} b6 {[%emt 0:00:17]} 4. g3 {[%emt 0:01:09]} Bb7 {[%emt 0:00:22]} 5. Bg2 {[%emt 0:00:08]} Be7 {[%emt 0:00:13]} 6. O-O {[%emt 0:01:17]} O-O {[%emt 0:00:08]} 7. Re1 {[%emt 0:00:26]} d5 {[%emt 0:01:39]} 8. cxd5 {[%emt 0:00:26]} exd5 {[%emt 0:00:09]} 9. Nc3 {[%emt 0:00:29]} Nbd7 {[%emt 0:01:15][%cal Bb8d7,Bd7f6,Bf6e4][%mdl 32]} 10. Bf4 {[%emt 0:04:28]} c5 {[%emt 0:00:36]} 11. Qc2 {[%emt 0:07:19] 11.Rc1 is setting a new trend. E17: Queen's Indian: 4 g3 Bb7 5 Bg2 Be7.} Ne4 {[%emt 0:08:36]} 12. Rad1 {[%emt 0:03:53]} Rc8 {[%emt 0:04:51]} 13. dxc5 {[%emt 0:14:35]} Bxc5 {[%emt 0:08:02]} 14. Nd4 {[%emt 0:02:19][%cal Rc3e4] [#]} Ndf6 $146 {[%emt 0:23:49]} ({Predecessor:} 14... Nxc3 15. Qxc3 Qf6 16. Bh3 Rfd8 17. Qd3 a6 18. a3 b5 19. b4 Bb6 20. Be3 Ne5 {1-0 Rausis,I (2594)-Blahynka,M (2417) CZE-chT 1516 2015 (2.4)}) 15. Nxe4 {[%emt 0:08:13]} Nxe4 {[%emt 0:00:12]} 16. Qd3 {[%emt 0:06:08]} Qf6 {[%emt 0:00:51]} 17. Be3 {[%emt 0:01:36]} Rfe8 {[%emt 0:03:06]} 18. Rb1 {[%emt 0:05:03]} a5 {[%emt 0:00:23]} 19. Rf1 {[%emt 0:04:09]} h6 {[%emt 0:01:43]} 20. Rfd1 {[%emt 0:06:26]} Re7 {[%emt 0:05:45]} 21. f3 {[%emt 0:05:10]} (21. Bf3 $11 {remains equal.}) 21... Nd6 $17 {[%emt 0:00:32][%cal Ob7a6] [#] Strongly threatening ...Ba6!} 22. Bf2 {[%emt 0:00:36]} Rce8 {[%emt 0:00:12]} 23. b3 {[%emt 0:02:00] Prevents Nc4.} h5 {[%emt 0:02:35]} 24. Rbc1 {[%emt 0:04:12]} Bc8 {[%emt 0:06:01]} 25. Bf1 {[%emt 0:01:31]} Bf5 {[%emt 0:03:01]} (25... Re5 $15) 26. Qd2 $11 {[%emt 0:03:33] The position is equal.} Re5 {[%emt 0:09:42]} 27. Nc6 {[%emt 0:06:47][%csl LRc5,LRe5][%cal Of2c5]} Bxf2+ {[%emt 0:04:32]} 28. Kxf2 {[%emt 0:00:02]} Bd7 {[%emt 0:00:13] [#] White must now prevent ...Ne4+.} 29. Kg1 {[%emt 0:03:22]} Nc4 {[%emt 0:06:27]} 30. Rxc4 {[%emt 0:02:46]} Bxc6 {[%emt 0:00:07]} 31. Rf4 {[%emt 0:01:02]} Qe7 {[%emt 0:00:36] Weighted Error Value: White=0.08 (flawless) /Black=0.08 (flawless)} 1/2-1/2

[Event "Chinese League Div-A Final-KO 2023"]
[Site "Xiongan"]
[Date "2023.12.05"]
[Round "4.9"]
[White "Song, Yuxin"]
[Black "Xiao, Yiyi"]
[Result "1/2-1/2"]
[WhiteElo "2397"]
[BlackElo "2343"]
[Annotator "RC"]
[PlyCount "60"]
[EventDate "2023.12.02"]
[EventCountry "CHN"]
[SourceTitle "playchess.com"]
[Source "ChessBase"]
[SourceQuality "1"]

1. e4 {[%emt 0:00:03]} c5 {[%emt 0:00:35]} 2. Nf3 {[%emt 0:00:20]} e6 {[%emt 0:00:09]} 3. d4 {[%emt 0:01:39]} cxd4 {[%emt 0:00:09]} 4. Nxd4 {[%emt 0:00:06]} a6 {[%emt 0:00:15]} 5. c4 {[%emt 0:00:31]} Nf6 {[%emt 0:00:19]} 6. Nc3 {[%emt 0:00:08]} Bb4 {[%emt 0:00:07]} 7. Qd3 {[%emt 0:00:06]} Qc7 {[%emt 0:00:40]} 8. a3 {[%emt 0:09:24]} Bxc3+ {[%emt 0:01:50]} 9. Qxc3 {[%emt 0:00:36]} O-O {[%emt 0:00:36]} 10. f3 {[%emt 0:01:36]} Re8 {[%emt 0:06:44]} 11. Be2 {[%emt 0:03:50]} d5 {[%emt 0:00:21]} 12. cxd5 {[%emt 0:03:25]} Qxc3+ {[%emt 0:00:16]} 13. bxc3 {[%emt 0:00:06]} exd5 {[%emt 0:00:05]} 14. exd5 {[%emt 0:00:05]} Nxd5 {[%emt 0:00:27]} 15. Bd2 {[%emt 0:00:13]} Bd7 {[%emt 0:06:38]} 16. c4 {[%emt 0:10:56]} Nc6 {[%emt 0:05:00]} 17. Nxc6 {[%emt 0:00:40]} Bxc6 {[%emt 0:00:05]} 18. Kf2 {[%emt 0:01:21]} Nc7 {[%emt 0:07:24]} 19. Ba5 {[%emt 0:03:23]} Ne6 {[%emt 0:00:53]} 20. Bb6 {[%emt 0:00:06]} Nf4 {[%emt 0:00:48]} 21. Rhe1 {[%emt 0:00:08]} Nxe2 {[%emt 0:01:56]} 22. Rxe2 {[%emt 0:00:05]} Rxe2+ {[%emt 0:00:08]} 23. Kxe2 {[%emt 0:00:04]} Re8+ {[%emt 0:00:15]} 24. Kf2 {[%emt 0:00:06]} f5 {[%emt 0:01:00]} 25. Re1 {[%emt 0:00:06]} Rxe1 26. Kxe1 {[%emt 0:00:15]} Kf7 {[%emt 0:00:07]} 27. Ke2 {[%emt 0:00:06]} Ke6 {[%emt 0:01:18]} 28. Ke3 {[%emt 0:00:08]} g6 {[%emt 0:00:27]} 29. g3 {[%emt 0:00:06]} h5 {[%emt 0:00:07]} 30. h4 {[%emt 0:00:04]} Ba4 {[%emt 0:00:22]} 1/2-1/2

[Event "Chinese League Div-A Final-KO 2023"]
[Site "Xiongan"]
[Date "2023.12.05"]
[Round "4.10"]
[White "Zhang, Xiaowen"]
[Black "Li, Xueyi"]
[Result "1-0"]
[WhiteElo "2261"]
[BlackElo "2245"]
[Annotator "RC"]
[PlyCount "83"]
[EventDate "2023.12.02"]
[EventCountry "CHN"]
[SourceTitle "playchess.com"]
[Source "ChessBase"]
[SourceQuality "1"]

1. e4 {[%emt 0:00:02]} c6 {[%emt 0:00:17]} 2. Nf3 {[%emt 0:00:52]} d5 {[%emt 0:00:11]} 3. Nc3 {[%emt 0:00:06]} dxe4 {[%emt 0:01:16]} 4. Nxe4 {[%emt 0:00:06]} Nf6 {[%emt 0:00:05]} 5. Qe2 {[%emt 0:00:13]} Nxe4 {[%emt 0:00:08]} 6. Qxe4 {[%emt 0:00:03]} Nd7 {[%emt 0:00:09]} 7. Bc4 {[%emt 0:00:23]} Nf6 {[%emt 0:00:26]} 8. Ne5 {[%emt 0:00:08]} e6 {[%emt 0:00:09]} 9. Qe2 {[%emt 0:00:03]} b5 {[%emt 0:12:17]} 10. Bb3 {[%emt 0:08:33]} Qc7 {[%emt 0:07:55]} 11. d4 {[%emt 0:01:08]} a6 {[%emt 0:02:38]} 12. Bf4 {[%emt 0:02:29]} Bd6 {[%emt 0:01:41]} 13. O-O {[%emt 0:00:12]} O-O {[%emt 0:01:30]} 14. Rad1 {[%emt 0:01:05]} Bb7 {[%emt 0:04:13]} 15. Bg3 {[%emt 0:05:36]} c5 {[%emt 0:03:43]} 16. dxc5 {[%emt 0:00:05]} Bxc5 {[%emt 0:10:33]} 17. c3 {[%emt 0:01:45]} Rad8 {[%emt 0:11:59]} 18. Bc2 {[%emt 0:07:20]} Ba8 {[%emt 0:09:56]} 19. Ng4 {[%emt 0:22:55]} Qc6 {[%emt 0:02:02]} 20. Nxf6+ {[%emt 0:04:50]} gxf6 {[%emt 0:00:06]} 21. Qg4+ {[%emt 0:00:14]} Kh8 {[%emt 0:00:35]} 22. Qh3 {[%emt 0:00:17]} f5 {[%emt 0:01:38]} 23. Be5+ {[%emt 0:10:29]} f6 {[%emt 0:00:07]} 24. Bxf6+ {[%emt 0:01:58]} Rxf6 {[%emt 0:00:21]} 25. Rxd8+ {[%emt 0:00:05]} Kg7 {[%emt 0:04:19]} 26. Rfd1 {[%emt 0:02:36]} Rg6 {[%emt 0:01:29]} 27. Rxa8 {[%emt 0:17:07]} Qxa8 {[%emt 0:00:33]} 28. Rd7+ {[%emt 0:00:15]} Kf6 {[%emt 0:00:16]} 29. Kf1 {[%emt 0:02:34]} Qc6 {[%emt 0:03:37]} 30. Rxh7 {[%emt 0:01:22]} Bb6 {[%emt 0:09:01]} 31. Qh4+ {[%emt 0:04:14]} Ke5 {[%emt 0:00:08]} 32. f4+ {[%emt 0:00:18]} Kd5 {[%emt 0:01:31]} 33. Bb3+ {[%emt 0:02:38]} Ke4 {[%emt 0:00:11]} 34. Bc2+ {[%emt 0:00:50]} Kd5 {[%emt 0:00:05]} 35. Bb3+ {[%emt 0:00:47]} Ke4 {[%emt 0:00:01]} 36. Rh5 {[%emt 0:03:17]} Qc5 {[%emt 0:01:45]} 37. Qe1+ {[%emt 0:00:23]} Qe3 {[%emt 0:00:25]} 38. Qxe3+ {[%emt 0:00:44]} Bxe3 {[%emt 0:00:05]} 39. g3 {[%emt 0:00:40]} Bc1 {[%emt 0:00:31]} 40. Ke2 {[%emt 0:00:39]} Bxb2 {[%emt 0:01:40]} 41. Rh7 {[%emt 0:01:43]} e5 {[%emt 0:06:58]} 42. Rd7 {[%emt 0:00:45]} 1-0

[Event "Chinese League Div-A Final-KO 2023"]
[Site "Xiongan"]
[Date "2023.12.05"]
[Round "4.11"]
[White "Liu, Qingnan"]
[Black "Xu, Yi"]
[Result "1/2-1/2"]
[WhiteElo "2545"]
[BlackElo "2500"]
[Annotator "TA"]
[PlyCount "120"]
[EventDate "2023.12.02"]
[EventCountry "CHN"]
[SourceTitle "playchess.com"]
[Source "ChessBase"]
[SourceQuality "1"]

{[%evp 16,120,9,0,0,0,0,-55,-50,-47,-3,-31,-2,-20,0,0,0,0,0,16,24,8,0,0,22,31,30,24,42,38,50,3,89,0,0,-20,-32,-49,0,-26,16,0,54,54,65,53,77,49,79,86,77,0,0,0,0,0,0,0,0,0,24,27,27,0,0,0,0,0,0,-23,0,0,0,0,0,0,0,-39,-46,-61,-56,-122,-122,-131,-65,-65,-32,-32,-19,-19,0,-19,-19,-19,0,-19,0,0,0,0,0,0,0,0,0,0,0]} 1. e4 e5 {[%emt 0:00:06]} 2. Nf3 {[%emt 0:00:04]} Nf6 {[%emt 0:00:04]} 3. d4 {[%emt 0:00:59]} Nxe4 {[%emt 0:00:16]} 4. Bd3 {[%emt 0:00:34]} d5 {[%emt 0:00:27]} 5. Nxe5 {[%emt 0:00:04]} Nd7 {[%emt 0:00:20]} 6. Nc3 {[%emt 0:00:04]} Nxc3 {[%emt 0:02:16]} 7. bxc3 {[%emt 0:00:02]} Bd6 {[%emt 0:00:55]} 8. O-O {[%emt 0:00:28]} O-O {[%emt 0:00:39]} 9. Re1 {[%emt 0:01:01]} c5 $1 {[%emt 0:02:28] 9...c5 is better than 9...Bxe5. C43: Petroff Defence: 3 d4.} 10. Qf3 {[%emt 0:09:09]} c4 {[%emt 0:01:57]} 11. Bf1 {[%emt 0:04:49]} (11. Qxd5 $2 Nb6 12. Bxh7+ Kxh7 13. Qe4+ Kg8 $19) ({Better is} 11. Bf5 $11) 11... Nb6 $1 $15 {[%emt 0:16:00] [#] Black is slightly better.} 12. a4 $146 {[%emt 0:16:58]} ({Predecessor:} 12. Bf4 Be6 13. Qg3 Bxe5 14. Bxe5 f6 15. Bf4 Qd7 16. a4 Rfe8 17. a5 Nc8 18. a6 {½-½ Ballester Llagaria,L (2298)-Coto Mederos,M (2348) Titled Tuesday intern op 03rd Aug blitz 2021 (7)}) 12... Be6 {[%emt 0:04:14]} ({But not} 12... f6 13. Nxc4 dxc4 14. a5 $16) 13. g3 {[%emt 0:10:59]} Nd7 {[%emt 0:05:57]} 14. Bg2 {[%emt 0:09:05]} Qc7 {[%emt 0:07:34][%cal Rd7e5]} 15. Ng4 {[%emt 0:02:03]} Rae8 {[%emt 0:01:32] [#] ...Bxg4 would be deadly.} 16. Bg5 {[%emt 0:00:40]} Qa5 {[%emt 0:20:23]} 17. Reb1 {[%emt 0:09:01]} f6 {[%emt 0:02:38]} 18. Bd2 {[%emt 0:02:57]} f5 {[%emt 0:02:55]} 19. Ne5 {[%emt 0:05:49]} Bxe5 {[%emt 0:02:29]} 20. dxe5 {[%emt 0:00:07]} Nxe5 {[%emt 0:00:06]} 21. Qf4 {[%emt 0:00:38]} Ng6 {[%emt 0:01:43]} 22. Qd4 {[%emt 0:00:07][%mdl 1024] White has compensation.} Qa6 {[%emt 0:02:49][%cal Of5f4]} 23. Re1 {[%emt 0:01:57]} (23. Bxd5 $14 Bxd5 24. Qxd5+ Rf7 25. Rb4) 23... Bf7 {[%emt 0:03:35]} (23... f4 $11 {keeps the balance.}) 24. Be3 {[%emt 0:04:18]} ({Inferior is} 24. Bxd5 Rd8 25. Bxf7+ Kxf7 $17) (24. Rxe8 $16 Rxe8 25. Bxd5) 24... f4 $11 {[%emt 0:01:26]} 25. Bd2 {[%emt 0:04:09]} Rxe1+ {[%emt 0:01:47]} (25... fxg3 {feels hotter.} 26. hxg3 Rxe1+ 27. Rxe1 Qxa4 28. Bxd5 b6) 26. Bxe1 {[%emt 0:03:14]} fxg3 {[%emt 0:01:22]} 27. fxg3 {[%emt 0:00:48]} Ne7 {[%emt 0:00:40]} 28. Bf2 {[%emt 0:00:18][%cal Od4c5]} (28. Qc5 $5 {[%cal Rc5e7]} Nc6 29. Bf2 $11) 28... Qa5 {[%emt 0:02:52]} (28... b6 $11) 29. Qxa7 $14 {[%emt 0:04:33]} Qxc3 {[%emt 0:01:16]} 30. Rf1 {[%emt 0:00:05] Bc5 is the strong threat.} Qb2 $1 {[%emt 0:09:31]} (30... Qxc2 $2 31. Qxb7 Re8 32. Re1 $18) 31. Bd4 {[%emt 0:05:01]} Nc6 {[%emt 0:00:08]} 32. Bxb2 {[%emt 0:00:13][%cal Of1f7] A strong pair of Bishops.} Nxa7 {[%emt 0:00:03] [#]} 33. Ba3 {[%emt 0:00:43] White is more active.} (33. Rb1 $1 $16) 33... Ra8 $11 {[%emt 0:02:23]} 34. Rb1 {[%emt 0:00:12]} Nc6 {[%emt 0:00:30][%cal Ba7c6,Bc6e5,Be5g4,Bg4f6,Bf6h5][%mdl 32]} 35. Rxb7 {[%emt 0:00:06]} Rxa4 {[%emt 0:00:23]} 36. Rc7 {[%emt 0:00:08] White wants to mate with Rc8+.} h6 {[%emt 0:01:13]} 37. Bc5 {[%emt 0:01:46]} Ne5 {[%emt 0:00:37]} 38. Bd4 {[%emt 0:00:22] Against Ra1+} Ng4 {[%emt 0:01:52]} 39. Rc8+ {[%emt 0:05:58]} (39. Bxd5 $5 Bxd5 40. Rxg7+ Kf8 41. Rxg4 $14) 39... Kh7 {[%emt 0:00:01]} 40. Rc7 {[%emt 0:00:12]} Kg6 {[%emt 0:01:55]} 41. Bf3 {[%emt 0:01:31]} Nf6 {[%emt 0:02:50]} 42. Kf2 {[%emt 0:11:25]} Be6 {[%emt 0:05:43]} (42... Ra2 $5 {[%cal Ra2c2]} 43. Bd1 Be6 $15) 43. Ke3 {[%emt 0:01:01]} Ra2 {[%emt 0:01:11]} 44. h4 {[%emt 0:05:20][%cal Oh4h5]} Rxc2 {[%emt 0:07:32]} 45. h5+ {[%emt 0:00:47]} Nxh5 {[%emt 0:00:14] Threatens to win with ...Nf6.} 46. Re7 {[%emt 0:08:19]} (46. Rc6 $5 {[%cal Rc6e6]} Nxg3 47. Rxe6+ Kg5 48. Re5+ (48. Bxg7 $2 Nf5#) 48... Nf5+ 49. Rxf5+ Kxf5 50. Bxd5 $11) 46... Bh3 {[%emt 0:04:51] Strongly threatening ...Nf6.} 47. Bxd5 {[%emt 0:03:57]} Nf6 {[%emt 0:00:37]} (47... Nxg3 $2 48. Rxg7+ (48. Bxg7 $2 {too greedy.} Nf5+ 49. Kf4 Rf2+ 50. Ke4 Nxe7 $19) 48... Kf5 49. Rxg3 $18) 48. Be4+ {[%emt 0:02:13]} (48. Bf3 $15) 48... Nxe4 $17 {[%emt 0:01:10]} 49. Rxe4 {[%emt 0:00:02][%mdl 4096] Endgame KRB-KRB} Rg2 {[%emt 0:02:40]} (49... Rc1 $17 {aiming for ...Bf5.} 50. Kd2 Rf1) 50. Kf4 $1 $15 {[%emt 0:00:33]} Kf7 {[%emt 0:01:09] Wards off Re7+. Hoping for ...g5+.} 51. Bc3 $1 {[%emt 0:00:59]} Rf2+ {[%emt 0:05:42]} 52. Ke3 $1 {[%emt 0:00:16] The position is equal.} Rg2 {[%emt 0:01:25]} 53. Kf3 {[%emt 0:00:21]} Rc2 {[%emt 0:00:50]} 54. Rxc4 {[%emt 0:00:11]} g5 {[%emt 0:00:34]} 55. Rc5 {[%emt 0:00:18]} Kg6 {[%emt 0:00:43]} 56. g4 {[%emt 0:00:59]} Bg2+ {[%emt 0:00:06]} 57. Ke3 {[%emt 0:00:05]} h5 {[%emt 0:01:04]} 58. gxh5+ {[%emt 0:00:09]} Kxh5 {[%emt 0:00:03]} 59. Bd4 {[%emt 0:00:05]} Rxc5 {[%emt 0:00:27]} 60. Bxc5 {[%emt 0:00:06]} Kg6 {[%emt 0:00:06] Weighted Error Value: White=0.13 (very precise) /Black=0.15 (very precise)} 1/2-1/2